| 000 | 01219cam a2200337 a 4500 | ||
|---|---|---|---|
| 001 | EDZ0000072043 | ||
| 003 | StDuBDS | ||
| 005 | 20161031105154.0 | ||
| 006 | m||||||||d|||||||| | ||
| 007 | cr ||||||||||| | ||
| 008 | 120412s2006 enkac fo| 001|0|eng d | ||
| 020 |
_a9781446216828 (ebook) : _cNo price |
||
| 040 |
_aStDuBDS _beng _cStDuBDS _epn |
||
| 049 | _aAlfaisal Main Library | ||
| 050 | 0 |
_aPN4783 _b.S58 2006 |
|
| 082 | 0 | 4 |
_a070.43 _223 |
| 100 | 1 | _aSissons, Helen. | |
| 245 | 1 | 0 |
_aPractical journalism _h[electronic resource] : _bhow to write news / _cHelen Sissons. |
| 260 |
_aLondon : _bSAGE, _c2006. |
||
| 300 |
_a1 online resource (xv, 318 p.) : _bill., ports. |
||
| 504 | _aIncludes bibliographical references and index. | ||
| 520 | 8 | _aHelen Sissons introduces students to the skills needed to become a journalist in the digital age. | |
| 521 | _aSpecialized. | ||
| 588 | _aDescription based on print version record. | ||
| 650 | 0 |
_aJournalism _xAuthorship. |
|
| 655 | 7 |
_aElectronic books. _2local |
|
| 710 | 2 | _aSage eBooks | |
| 776 | 0 | 8 |
_iPrint version : _z9780761949275 |
| 856 | 4 | 0 | _uhttp://ezproxy.alfaisal.edu/login?url=http://sk.sagepub.com/books/practical-journalism |
| 942 |
_2lcc _cEBOOKS |
||
| 999 |
_c480925 _d480925 |
||